| 000 | 01045nam a22003257a 4500 | ||
|---|---|---|---|
| 003 | DO-SdBPM | ||
| 005 | 20250711113910.0 | ||
| 007 | ta | ||
| 008 | 160706b2007 ag |||| 00| 0 spa d | ||
| 020 | _a9789500833493 | ||
| 040 |
_aDO-SdBPM _bspa _cBPMSU _erda |
||
| 082 | 4 |
_a823.81 _bB869j 2007 _222 |
|
| 092 |
_axxxxxx _bxxxxxx |
||
| 100 | 1 |
_aBronté, Charlotte, _d1816-185 _eautor |
|
| 245 | 1 | 0 |
_aJane eyre / _cCharlotte Brontë ; traducción Angela Simonini de Fuentes |
| 250 | _a10a ed. | ||
| 264 |
_aBuenos Aires : _bAtlántida, _c2007. |
||
| 300 |
_a192 páginas : _bilustraciones, _c20 cm. |
||
| 336 |
_atexto _btxt _2rdacontent |
||
| 337 |
_asin mediación _bn _2rdamedia |
||
| 338 |
_avolumen _bnc _2rdacarrier |
||
| 490 | 0 |
_aNueva biblioteca Billiken, _v28 |
|
| 590 | _aInventariado, 2025/VM | ||
| 650 | 7 | _aNovela inglesa. | |
| 650 | 7 |
_aPsicología de la mujer _vNovela. |
|
| 650 | 7 |
_aMujeres _vNovela. |
|
| 700 | 1 |
_aSimonini de Fuentes, Angela, _etraductora |
|
| 910 | _aVMateo V. Control de calidad. BPMSU | ||
| 942 |
_2ddc _cBK |
||
| 999 |
_c10715 _d10715 |
||